[Event "III Calvia International Open"]
[Site "Calvia"]
[Date "2006.10.23"]
[Round "4.10"]
[White "Gomez, John Paul"]
[Black "Heberla, Bartlomiej"]
[Result "1-0"]
[WhiteElo "2387"]
[BlackElo "2569"]
[PlyCount "63"]
[EventDate "2006.10.20"]

1. e4 e5 2. Nf3 Nc6 3. Bb5 Bc5 4. O-O Nge7 5. c3 Bb6 6. d4 exd4 7. cxd4 d5 8.
exd5 Nxd5 9. Re1+ Be6 10. Bg5 Qd6 11. Nbd2 O-O 12. Nc4 Qb4 13. a4 Nd8 14. Ra3
f6 15. Bd2 Qe7 16. Ne3 c6 17. Nxd5 cxd5 18. Rae3 a6 19. Bd3 Qd7 20. Bb4 Re8 21.
Qb1 h6 22. Bh7+ Kh8 23. Nh4 g5 24. Ng6+ Kg7 25. Nf8 Rxf8 26. Qg6+ Kh8 27. Bxf8
Qxh7 28. Qxf6+ Kg8 29. Bxh6 Qf7 30. Qxg5+ Kh7 31. Qh4 Qf5 32. Rg3 1-0

[Event "III Calvia International Open"]
[Site "Calvia"]
[Date "2006.10.23"]
[Round "4.11"]
[White "Cramling, Pia"]
[Black "Borges Mateos, Juan"]
[Result "1-0"]
[WhiteElo "2528"]
[BlackElo "2431"]
[PlyCount "79"]
[EventDate "2006.10.20"]

1. d4 d5 2. Nf3 Nf6 3. c4 e6 4. Bg5 Be7 5. e3 O-O 6. Nbd2 Nbd7 7. Rc1 c5 8.
cxd5 Nxd5 9. Bxe7 Qxe7 10. e4 Nf4 11. g3 Ng6 12. Be2 b6 13. dxc5 Nxc5 14. b4
Nb7 15. Qb3 Nd6 16. h4 e5 17. h5 Nh8 18. h6 g6 19. Qd5 Be6 20. Qxe5 f6 21. Qb2
Nhf7 22. Kf1 Ng5 23. Nxg5 fxg5 24. Kg2 Rf7 25. Rhf1 Re8 26. Bd3 Qd7 27. Kg1 Nb5
28. Bxb5 Qxb5 29. Rfe1 g4 30. e5 Bd5 31. Ne4 Bxe4 32. Rxe4 Qd5 33. e6 Rfe7 34.
Re5 Qf3 35. Rce1 Rd8 36. Qc1 Qf6 37. R5e4 Qf5 38. Rf4 Qd5 39. Qb2 Qd2 40. Rf8+
1-0

[Event "III Calvia International Open"]
[Site "Calvia"]
[Date "2006.10.23"]
[Round "4.12"]
[White "Ziska, Helgi Dam"]
[Black "Nijboer, Friso"]
[Result "0-1"]
[WhiteElo "2364"]
[BlackElo "2641"]
[PlyCount "56"]
[EventDate "2006.10.20"]

1. e4 e6 2. d3 d5 3. Nd2 c5 4. Ngf3 Nc6 5. g3 Bd6 6. Bg2 Nge7 7. O-O O-O 8. c3
Bc7 9. Qe2 b6 10. Rd1 Ba6 11. a3 Qd7 12. b4 Rad8 13. c4 dxc4 14. dxc4 Nd4 15.
Qf1 Nb3 16. Rb1 Nxc1 17. Rdxc1 Ng6 18. Nb3 Qe7 19. Qe1 Rd3 20. h4 Rfd8 21. h5
Ne5 22. Nxe5 Bxe5 23. bxc5 Qf6 24. cxb6 axb6 25. Bf1 Bc3 26. e5 Qf3 27. Qe2
Bxe5 28. Qxe5 Bb7 0-1

[Event "III Calvia International Open"]
[Site "Calvia"]
[Date "2006.10.23"]
[Round "4.14"]
[White "Zawadzka, Jolanta"]
[Black "Suba, Mihai"]
[Result "1/2-1/2"]
[WhiteElo "2353"]
[BlackElo "2535"]
[PlyCount "50"]
[EventDate "2006.10.20"]

1. e4 Nf6 2. e5 Nd5 3. d4 d6 4. Nf3 Nb6 5. Bb5+ c6 6. Bd3 Bg4 7. h3 Bxf3 8.
Qxf3 dxe5 9. dxe5 e6 10. O-O N8d7 11. Bf4 Nd5 12. Qg3 g6 13. Nd2 Bg7 14. Rfe1
O-O 15. Rad1 Qc7 16. c4 Ne7 17. Qe3 Qb6 18. Qxb6 axb6 19. Bb1 Nf5 20. Bxf5 exf5
21. Nb3 Nc5 22. Nxc5 bxc5 23. Rd7 b5 24. cxb5 cxb5 25. a3 g5 {Irreproducible}
1/2-1/2

[Event "III Calvia International Open"]
[Site "Calvia"]
[Date "2006.10.23"]
[Round "4.15"]
[White "Dziuba, Marcin"]
[Black "Bogza, Adina-Maria"]
[Result "1-0"]
[WhiteElo "2535"]
[BlackElo "2308"]
[PlyCount "51"]
[EventDate "2006.10.20"]

1. d4 d6 2. Nf3 g6 3. c4 f5 4. b4 Bg7 5. Bb2 Nf6 6. e3 O-O 7. Be2 Qe8 8. Qc2 c6
9. O-O Na6 10. b5 Nc7 11. bxc6 bxc6 12. Nbd2 h6 13. c5 d5 14. Ne5 Ne4 15. Nb3
Rb8 16. f3 Ng5 17. Nd3 Ba6 18. Bc3 Nb5 19. Na5 Ne6 20. Kh1 f4 21. Nb4 Na3 22.
Qd2 Bxe2 23. Qxe2 Nc4 24. exf4 Nxf4 25. Qe1 Nxa5 26. Na6 {ilegible} 1-0

[Event "III Calvia International Open"]
[Site "Calvia"]
[Date "2006.10.23"]
[Round "4.16"]
[White "Rodriguez Lopez, Rafael"]
[Black "Caruana, Fabiano"]
[Result "1/2-1/2"]
[WhiteElo "2289"]
[BlackElo "2474"]
[PlyCount "75"]
[EventDate "2006.10.20"]

1. d4 e6 2. c4 Bb4+ 3. Bd2 a5 4. e3 Nf6 5. Nc3 O-O 6. Nf3 b6 7. Bd3 Bb7 8. O-O
d6 9. Re1 Nbd7 10. e4 e5 11. d5 Nc5 12. Bc2 Bc8 13. h3 h6 14. b3 Nh7 15. a3
Bxc3 16. Bxc3 f5 17. exf5 Bxf5 18. Bxf5 Rxf5 19. b4 axb4 20. axb4 Rxa1 21. Bxa1
Nd7 22. Re3 Rf4 23. Qc2 Ng5 24. Nxg5 Qxg5 25. Ra3 Rf8 26. Ra7 Nf6 27. Bb2 Nh5
28. Bc1 Nf4 29. Bxf4 exf4 30. Rxc7 f3 31. g3 Qe5 32. Qd1 h5 33. h4 Qc3 34. c5
Qxb4 35. cxd6 Qxd6 36. Rc3 Rf5 37. Rxf3 Qxd5 38. Qxd5+ 1/2-1/2

[Event "III Calvia International Open"]
[Site "Calvia"]
[Date "2006.10.23"]
[Round "4.17"]
[White "Libiszewski, Fabien"]
[Black "Ehsan, Ali"]
[Result "1-0"]
[WhiteElo "2469"]
[BlackElo "2236"]
[PlyCount "85"]
[EventDate "2006.10.20"]

1. e4 e5 2. Nf3 Nc6 3. Bb5 a6 4. Ba4 Nf6 5. O-O Be7 6. Re1 b5 7. Bb3 O-O 8. a4
Bb7 9. d3 d6 10. Nbd2 h6 11. Nf1 Re8 12. Bd2 Bf8 13. c4 b4 14. a5 Rb8 15. Ne3
Nd7 16. Bc2 Nc5 17. Nd5 Bc8 18. Ba4 Nxa4 19. Rxa4 Bg4 20. h3 Bh5 21. Nxb4 Nxb4
22. Rxb4 d5 23. Rxb8 Qxb8 24. cxd5 Qxb2 25. Qc1 Qxc1 26. Rxc1 Bxf3 27. gxf3 Bd6
28. Rc6 Ra8 29. f4 exf4 30. Bc3 f6 31. Kg2 Kf8 32. Kf3 h5 33. d4 Ra7 34. e5 Be7
35. Kxf4 Ke8 36. Ke4 Kd7 37. Kf5 Ra8 38. Kg6 fxe5 39. dxe5 Rf8 40. e6+ Kc8 41.
Be5 Rxf2 42. Rxc7+ Kd8 43. d6 1-0

[Event "III Calvia International Open"]
[Site "Calvia"]
[Date "2006.10.23"]
[Round "4.18"]
[White "Movsziszian, Karen"]
[Black "Fogel, Pierre"]
[Result "1-0"]
[WhiteElo "2456"]
[BlackElo "2202"]
[PlyCount "139"]
[EventDate "2006.10.20"]

1. e4 c5 2. d3 g6 3. g3 Bg7 4. Bg2 Nc6 5. f4 d6 6. Nf3 e5 7. Nc3 Nge7 8. O-O
Bg4 9. Be3 Nd4 10. Qd2 Qd7 11. Rf2 f5 12. fxe5 dxe5 13. Bg5 Bxf3 14. Bxf3 O-O
15. Bxe7 Qxe7 16. Nd5 Qd7 17. Raf1 f4 18. gxf4 Bh6 19. c3 Nxf3+ 20. Rxf3 exf4
21. Nxf4 Rf7 22. e5 Re8 23. Qe2 Qg4+ 24. Ng2 Ref8 25. h3 Qh5 26. Ne1 Rxf3 27.
Rxf3 Rxf3 28. Nxf3 Qxh3 29. d4 Qg3+ 30. Kf1 Qh3+ 31. Kf2 Bf4 32. e6 Qg3+ 33.
Kf1 Qh3+ 34. Ke1 Kf8 35. Qe4 Bg3+ 36. Kd1 Qf1+ 37. Kc2 Qf2+ 38. Kb3 c4+ 39. Ka3
Bd6+ 40. b4 cxb3+ 41. Kxb3 Qf1 42. Ne1 Qb5+ 43. Kc2 Qf5 44. Qxf5+ gxf5 45. Nf3
h5 46. Nh4 f4 47. Kd3 Ke7 48. d5 Kf6 49. Ke4 Bc5 50. c4 Ba3 51. Kxf4 a6 52. Nf5
b5 53. cxb5 axb5 54. Ke4 Bc5 55. Kf4 Bb4 56. Nd4 Bd6+ 57. Ke4 b4 58. Nf3 Bg3
59. Kd4 h4 60. Kc5 h3 61. Kxb4 h2 62. Nxh2 Bxh2 63. Kc5 Ke7 64. a4 Bd6+ 65. Kb6
Ba3 66. a5 Kd6 67. a6 Kxd5 68. a7 Bc5+ 69. Kb5 Bxa7 70. e7 1-0

[Event "III Calvia International Open"]
[Site "Calvia"]
[Date "2006.10.23"]
[Round "4.19"]
[White "Habibi, Ali"]
[Black "Manik, Mikulas"]
[Result "0-1"]
[WhiteElo "2298"]
[BlackElo "2454"]
[PlyCount "82"]
[EventDate "2006.10.20"]

1. Nf3 Nf6 2. b3 c5 3. Bb2 d5 4. e3 Nc6 5. c4 d4 6. exd4 cxd4 7. d3 e5 8. Be2
Bb4+ 9. Kf1 a5 10. a3 Bd6 11. Nbd2 O-O 12. Ne1 Nd7 13. Ne4 Be7 14. g4 Nc5 15.
Nxc5 Bxc5 16. h4 f5 17. g5 b6 18. Bf3 Bb7 19. Bd5+ Kh8 20. Bc1 Qd7 21. Rg1 Ne7
22. Bxb7 Qxb7 23. h5 f4 24. Qf3 Qd7 25. Qg4 Nf5 26. Nf3 Rae8 27. Rg2 e4 28.
dxe4 Rxe4 29. Kg1 Qe7 30. Kh1 Kg8 31. Ra2 d3 32. Qh3 Nd4 33. Nxd4 Re1+ 34. Rg1
Bxd4 35. Qxd3 Rxg1+ 36. Kxg1 Qxg5+ 37. Kf1 Qxh5 38. Qxd4 Qh1+ 39. Ke2 Qxc1 40.
Ra1 Qc2+ 41. Kf1 Qxb3 0-1

[Event "III Calvia International Open"]
[Site "Calvia"]
[Date "2006.10.23"]
[Round "4.20"]
[White "Laylo, Darwin"]
[Black "Planas Gene, Juan"]
[Result "1-0"]
[WhiteElo "2448"]
[BlackElo "2191"]
[PlyCount "81"]
[EventDate "2006.10.20"]

1. c4 e6 2. Nc3 d5 3. d4 Nf6 4. Bg5 Be7 5. e3 O-O 6. cxd5 exd5 7. Bd3 c6 8. Qc2
Nbd7 9. Nge2 Re8 10. O-O-O b5 11. f3 Qa5 12. Kb1 b4 13. Na4 Nb6 14. Nc5 Bxc5
15. dxc5 Nc4 16. Nd4 Qxc5 17. Nb3 Qb6 18. Bxc4 dxc4 19. Qxc4 Be6 20. Qd4 Bxb3
21. axb3 c5 22. Qd6 Re6 23. Qxb6 axb6 24. Rd3 h6 25. Bh4 Rae8 26. Bf2 R8e7 27.
Rhd1 Ne8 28. e4 f6 29. Kc2 Rc7 30. Bg3 Rcc6 31. Rd7 Kf8 32. R1d5 Re7 33. Kd3 b5
34. Kc2 Rxd7 35. Rxd7 c4 36. Rd5 Nc7 37. Bxc7 Rxc7 38. Rxb5 cxb3+ 39. Kxb3 Rc1
40. Rd5 Rg1 41. Rd2 1-0

[Event "III Calvia International Open"]
[Site "Calvia"]
[Date "2006.10.23"]
[Round "4.23"]
[White "So, Wesley"]
[Black "Fokin, Sergey"]
[Result "0-1"]
[WhiteElo "2411"]
[BlackElo "2157"]
[PlyCount "132"]
[EventDate "2006.10.20"]

1. e4 c5 2. Nf3 e6 3. d4 cxd4 4. Nxd4 a6 5. Bd3 Bc5 6. Nb3 Be7 7. O-O d6 8. Qg4
g6 9. Qe2 Nd7 10. Na3 Qc7 11. Nc4 Ngf6 12. Bh6 b5 13. Nca5 Ne5 14. h3 Bd7 15.
Bd2 Rc8 16. Bc3 Nxd3 17. cxd3 O-O 18. Qd2 e5 19. Rac1 Qb8 20. Rfe1 Rfd8 21. Bb4
Rxc1 22. Rxc1 Rc8 23. Rxc8+ Qxc8 24. f3 Bf8 25. d4 Qc7 26. dxe5 dxe5 27. Bxf8
Kxf8 28. Qb4+ Kg7 29. Qc5 Ne8 30. Qxc7 Nxc7 31. Nc5 Be6 32. a3 f6 33. h4 Kf7
34. Nc6 Bc8 35. Kf2 Ne6 36. Nd3 Ke8 37. Ke3 Kd7 38. Na5 Kd6 39. g3 Nc5 40. Nf2
Na4 41. Nd3 Nc5 42. Nxc5 Kxc5 43. Nb3+ Kd6 44. g4 Be6 45. Nd2 a5 46. g5 fxg5
47. hxg5 b4 48. axb4 axb4 49. f4 exf4+ 50. Kxf4 Bg8 51. Nf3 Kc5 52. Ke5 Kc4 53.
Nd4 Kd3 54. Nc6 b3 55. Nb4+ Kd2 56. Kd4 Ke2 57. e5 Kd2 58. Kc5 Kc1 59. Nd3+ Kc2
60. Kd4 Bf7 61. Nb4+ Kxb2 62. Kd3 Be6 63. Kd2 Ka3 64. Kc3 Bf5 65. e6 b2 66.
Nc2+ Bxc2 0-1

[Event "III Calvia International Open"]
[Site "Calvia"]
[Date "2006.10.23"]
[Round "4.24"]
[White "Ruiz Vinals, Matias"]
[Black "Rendle, Thomas"]
[Result "0-1"]
[WhiteElo "2030"]
[BlackElo "2382"]
[PlyCount "60"]
[EventDate "2006.10.20"]

1. d4 e6 2. c4 f5 3. Nc3 Nf6 4. f3 Bb4 5. Bd2 O-O 6. a3 Bxc3 7. Bxc3 d6 8. e3
Qe7 9. Bd3 e5 10. dxe5 dxe5 11. Ne2 Nc6 12. O-O Qc5 13. Bd2 a5 14. Nc3 Be6 15.
Qe2 Rad8 16. Rfd1 e4 17. fxe4 fxe4 18. Nxe4 Nxe4 19. Bxe4 Bxc4 20. Qg4 Rxd2 21.
Rxd2 Qxe3+ 22. Kh1 Qxd2 23. Bxc6 Ba6 24. Qe6+ Kh8 25. Qe7 Qf4 26. Bf3 Qf6 27.
Qxc7 Qxb2 28. Rd1 Qxa3 29. Rd8 Qa1+ 30. Rd1 Qxd1+ 0-1

[Event "III Calvia International Open"]
[Site "Calvia"]
[Date "2006.10.23"]
[Round "4.27"]
[White "Jones, Gawain C"]
[Black "Eppinger, Georg"]
[Result "1-0"]
[WhiteElo "2430"]
[BlackElo "2277"]
[PlyCount "45"]
[EventDate "2006.10.20"]

1. e4 c5 2. Nc3 Nc6 3. Bb5 g6 4. Bxc6 dxc6 5. f4 Bg7 6. Nf3 b5 7. d3 b4 8. Ne2
c4 9. dxc4 Qxd1+ 10. Kxd1 Ba6 11. a3 bxa3 12. Rxa3 Bxc4 13. b3 Be6 14. Be3 Nf6
15. e5 Ne4 16. Ra4 Bd5 17. c4 Be6 18. Kc2 f6 19. Ned4 Bg4 20. Nxc6 a6 21. Rha1
Bc8 22. b4 Kf7 23. Nfd4 1-0

[Event "III Calvia International Open"]
[Site "Calvia"]
[Date "2006.10.23"]
[Round "4.28"]
[White "Gonzales, Jayson"]
[Black "Rhein, Klaus"]
[Result "1-0"]
[WhiteElo "2418"]
[BlackElo "2082"]
[PlyCount "98"]
[EventDate "2006.10.20"]

1. c4 c5 2. g3 g6 3. Bg2 Bg7 4. Nc3 d6 5. e3 Nc6 6. Nge2 Nf6 7. d3 O-O 8. O-O
Bd7 9. h3 Rb8 10. a3 a6 11. Rb1 b5 12. cxb5 axb5 13. b4 cxb4 14. axb4 Qc8 15.
Kh2 e5 16. e4 Ne7 17. Bg5 h6 18. Be3 Be6 19. Qd2 Kh7 20. Ra1 Nc6 21. Rfc1 Qd7
22. Nd5 Bxd5 23. exd5 Nd4 24. Bxd4 exd4 25. Ra6 Rfd8 26. Kg1 Ne8 27. Rcc6 Rb7
28. Nc1 Nc7 29. Rab6 Rxb6 30. Rxb6 Ra8 31. Qe2 Ne8 32. Nb3 Ra4 33. Na5 Rxb4 34.
Rb7 Qf5 35. Re7 Ra4 36. Nb3 Nf6 37. Rxf7 Ra8 38. Qe7 Rg8 39. Nxd4 Qxd3 40. Ne6
Ne8 41. Qa7 Kh8 42. Nf4 Qb1+ 43. Kh2 Qc2 44. Kg1 Qb1+ 45. Kh2 Qc2 46. Qb7 Nf6
47. Ne6 Ne8 48. Qxb5 h5 49. Qb7 Qb2 1-0

[Event "III Calvia International Open"]
[Site "Calvia"]
[Date "2006.10.23"]
[Round "4.29"]
[White "Rivera, Daniel"]
[Black "Aaberg, Anton"]
[Result "1/2-1/2"]
[WhiteElo "2309"]
[BlackElo "2393"]
[PlyCount "57"]
[EventDate "2006.10.20"]

1. e4 c6 2. d4 d5 3. Nd2 dxe4 4. Nxe4 Nd7 5. Ng5 Ngf6 6. Bd3 e6 7. Qe2 Bd6 8.
N1f3 h6 9. Ne4 Nxe4 10. Qxe4 Nf6 11. Qe2 b6 12. Bd2 Bb7 13. O-O-O Qc7 14. Ne5
O-O-O 15. f4 Kb8 16. Kb1 c5 17. dxc5 Bxc5 18. Rhe1 h5 19. g3 Ka8 20. h3 g6 21.
c4 Rhf8 22. Bc2 Nd7 23. Bc3 Nxe5 24. Bxe5 Bd6 25. Be4 Bxe5 26. fxe5 Rxd1+ 27.
Rxd1 Rd8 28. Bxb7+ Kxb7 29. Qe4+ 1/2-1/2

[Event "III Calvia International Open"]
[Site "Calvia"]
[Date "2006.10.23"]
[Round "4.30"]
[White "Leskovar, Mario"]
[Black "Juan Mas, Santiago"]
[Result "1-0"]
[WhiteElo "2373"]
[BlackElo "2059"]
[PlyCount "55"]
[EventDate "2006.10.20"]

1. e4 d5 2. exd5 Qxd5 3. Nf3 Nf6 4. Be2 c5 5. Nc3 Qd6 6. d4 Nc6 7. Nb5 Qd8 8.
dxc5 e5 9. Qxd8+ Kxd8 10. Be3 Bd7 11. O-O-O h6 12. Bc4 a6 13. Nd6 Bxd6 14. cxd6
Be6 15. Bxe6 fxe6 16. Bb6+ Kd7 17. Rhe1 Nd5 18. Bc5 Rac8 19. Kb1 Rhf8 20. Ba3
b5 21. Bc5 g5 22. Nd2 Nf6 23. Nb3 Nd5 24. Nd2 Nf6 25. f3 Nd8 26. Bb6 Kxd6 27.
Ne4+ Kc6 28. Nxf6 1-0

[Event "III Calvia International Open"]
[Site "Calvia"]
[Date "2006.10.23"]
[Round "4.31"]
[White "Beltran, Jorge"]
[Black "Lanzani, Mario"]
[Result "0-1"]
[WhiteElo "2154"]
[BlackElo "2335"]
[PlyCount "94"]
[EventDate "2006.10.20"]

1. d4 Nf6 2. c4 g6 3. Nc3 Bg7 4. e4 d6 5. f3 O-O 6. Be3 c5 7. dxc5 dxc5 8. Qxd8
Rxd8 9. Bxc5 Nc6 10. Be3 Nd7 11. Nh3 Bxc3+ 12. bxc3 b6 13. Nf4 Ba6 14. Nd5 Rac8
15. Rc1 Nde5 16. c5 Bxf1 17. Kxf1 Nd3 18. Rd1 Nxc5 19. Bxc5 bxc5 20. Ke2 Rb8
21. Rb1 e6 22. Ne3 Rb6 23. Rhd1 Rdb8 24. Rxb6 Rxb6 25. Nc4 Ra6 26. Rd2 g5 27.
a3 Ra4 28. Kd3 Na5 29. Nxa5 Rxa5 30. Ra2 Ra4 31. c4 Kg7 32. Kc3 Ra6 33. g3 Kf6
34. a4 Ke5 35. Kd3 Rb6 36. f4+ gxf4 37. gxf4+ Kxf4 38. Rf2+ Ke5 39. Rxf7 Rb3+
40. Kc2 Rh3 41. Rxa7 Rxh2+ 42. Kd3 Rh3+ 43. Ke2 Kxe4 44. Re7 Rh2+ 45. Kd1 e5
46. Rd7 Ra2 47. Rd5 h5 0-1

[Event "III Calvia International Open"]
[Site "Calvia"]
[Date "2006.10.23"]
[Round "4.32"]
[White "Mareco, Sandro"]
[Black "Serrano Bozada, Esteban"]
[Result "1-0"]
[WhiteElo "2335"]
[BlackElo "2073"]
[PlyCount "109"]
[EventDate "2006.10.20"]

1. e4 e6 2. d4 d5 3. Nc3 Bb4 4. e5 c5 5. a3 Bxc3+ 6. bxc3 Ne7 7. a4 Qa5 8. Bd2
c4 9. Nf3 h6 10. h4 Nbc6 11. h5 Bd7 12. g3 O-O-O 13. Bh3 Kb8 14. O-O Nf5 15.
Qe2 Rde8 16. Rfb1 g5 17. Nh2 Ng7 18. Rf1 Reg8 19. Kh1 Ne8 20. Ng4 Ne7 21. Qe1
Nf5 22. Nh2 Nfg7 23. g4 Rf8 24. f4 gxf4 25. Bxf4 Bxa4 26. Qd2 b5 27. Rfb1 Ka8
28. Bxh6 Rxh6 29. Qxh6 Qxc3 30. Bg2 Bxc2 31. Rc1 b4 32. Qg5 f6 33. exf6 Rxf6
34. h6 Rxh6 35. Qxh6 b3 36. Ra3 Qb4 37. Rca1 b2 38. Rxa7+ Kb8 39. Qf4+ Nd6 40.
Ra8+ Kc7 41. R1a7+ Kc6 42. Ra6+ Kc7 43. R8a7+ Kc8 44. Qf8+ Nge8 45. Qe7 b1=Q+
46. Nf1 Qb7 47. Ra8+ Qxa8 48. Rxa8+ Qb8 49. Qxe6+ Kc7 50. Rxb8 Kxb8 51. Qxd5
Bd3 52. Ne3 Kc7 53. Qc6+ Kd8 54. Bd5 Ke7 55. Nxc4 1-0

[Event "III Calvia International Open"]
[Site "Calvia"]
[Date "2006.10.23"]
[Round "4.33"]
[White "Wehmeier, Stefan"]
[Black "Mercant Simon, Jaume"]
[Result "1-0"]
[WhiteElo "2400"]
[BlackElo "2108"]
[PlyCount "45"]
[EventDate "2006.10.20"]

1. e4 e5 2. Nf3 Nc6 3. Bb5 a6 4. Ba4 Nf6 5. O-O b5 6. Bb3 Be7 7. a4 Bb7 8. axb5
axb5 9. Rxa8 Qxa8 10. Nc3 b4 11. Nd5 Bd8 12. d4 Nxd5 13. exd5 Na5 14. Nxe5 Nxb3
15. Qg4 O-O 16. Bh6 Bf6 17. Nxd7 Qa6 18. Nxf8 Nxd4 19. Nd7 Ne2+ 20. Kh1 Ng3+
21. hxg3 Qxf1+ 22. Kh2 Qxf2 23. Qxb4 1-0

[Event "III Calvia International Open"]
[Site "Calvia"]
[Date "2006.10.23"]
[Round "4.34"]
[White "Campos Calvo-Sotelo, Juan"]
[Black "Gonzalez Arribas, Vidal Alejand"]
[Result "0-1"]
[WhiteElo "2086"]
[BlackElo "2297"]
[PlyCount "64"]
[EventDate "2006.10.20"]

1. b4 d5 2. e3 Bf5 3. Nf3 Nf6 4. c4 e6 5. cxd5 exd5 6. a3 Bd6 7. Bb2 Nbd7 8.
Nc3 O-O 9. Rc1 c6 10. h3 Re8 11. Be2 Qe7 12. O-O Bg6 13. Nd4 a5 14. f4 h6 15.
b5 c5 16. Nc2 d4 17. exd4 cxd4 18. Nxd4 Bc5 19. Na4 Bxd4+ 20. Bxd4 Qxe2 21. f5
Qxd1 22. Rcxd1 Bh7 23. b6 Nd5 24. Nc3 N7xb6 25. Rb1 Nxc3 26. dxc3 Nd5 27. Rxb7
Ne3 28. Rf3 Nxf5 29. Bf2 Bg6 30. g4 Nd6 31. Rb6 Nc4 32. Rb7 Be4 0-1

[Event "III Calvia International Open"]
[Site "Calvia"]
[Date "2006.10.23"]
[Round "4.35"]
[White "Haraldsson, Leif"]
[Black "Galiana, Juan Ramon"]
[Result "0-1"]
[WhiteElo "2047"]
[BlackElo "2291"]
[PlyCount "144"]
[EventDate "2006.10.20"]

1. f4 d5 2. g3 Nc6 3. d4 Bf5 4. Bg2 Nb4 5. Na3 e6 6. c3 Nc6 7. Nc2 Nf6 8. Nf3
Be4 9. Ne3 Nd7 10. Ng4 Be7 11. Nf2 Bg6 12. O-O h5 13. Qe1 Nf6 14. Ne5 Nxe5 15.
fxe5 Ne4 16. Nxe4 dxe4 17. h4 Bf5 18. Qf2 Qd5 19. Bf4 O-O-O 20. b4 Rhg8 21. Qe3
f6 22. exf6 gxf6 23. a4 Rg7 24. Rac1 Bd6 25. Bxd6 Qxd6 26. Rf4 Rdg8 27. Kf2 Bh7
28. Bh3 f5 29. Rg1 Kb8 30. Qc1 Qd5 31. Qe1 Bg6 32. a5 Be8 33. Rg2 Qa2 34. Kg1
e3 35. Kh2 a6 36. Rg1 Ba4 37. Rg2 Qd2 38. Rf1 Bc2 39. Rgg1 Ka7 40. Rg2 b6 41.
axb6+ cxb6 42. Rgg1 Rc8 43. Rf3 Rxc3 44. Qxd2 exd2 45. Rxc3 d1=Q 46. Rxd1 Bxd1
47. Re3 Rg6 48. d5 exd5 49. Bxf5 Rf6 50. Bd3 a5 51. bxa5 bxa5 52. Re5 Bb3 53.
Rxh5 a4 54. e4 Rf3 55. Bb1 Rf1 56. Bd3 Rd1 57. Bb5 a3 58. Rh6 a2 59. Ra6+ Kb7
60. exd5 Bxd5 61. g4 a1=Q 62. Rxa1 Rxa1 63. Kg3 Kc7 64. Kf4 Kd6 65. g5 Rb1 66.
Bd3 Rb4+ 67. Kg3 Rb3 68. h5 Rxd3+ 69. Kg4 Be6+ 70. Kf4 Rh3 71. h6 Rh4+ 72. Kf3
Ke7 0-1

[Event "III Calvia International Open"]
[Site "Calvia"]
[Date "2006.10.23"]
[Round "4.36"]
[White "Tate, Alan"]
[Black "Barcelo, Pedro"]
[Result "0-1"]
[WhiteElo "2052"]
[BlackElo "2261"]
[PlyCount "94"]
[EventDate "2006.10.20"]

1. e4 e6 2. d4 d5 3. Nd2 Nf6 4. e5 Nfd7 5. Bd3 c5 6. c3 Nc6 7. Ngf3 Qb6 8. O-O
Be7 9. Re1 O-O 10. Nf1 f5 11. exf6 Nxf6 12. h3 cxd4 13. cxd4 Kh8 14. Bb1 Bb4
15. Re3 Bd6 16. Re1 Bd7 17. b3 a5 18. Bg5 Qc7 19. Ne3 Ne4 20. Ng4 Nxg5 21. Nxg5
g6 22. Nf3 Kg7 23. a3 Rac8 24. Nfe5 Nxe5 25. dxe5 Be7 26. Qd2 Qd8 27. Qh6+ Kg8
28. f4 Rf7 29. Kh2 Bf8 30. Qg5 Be7 31. Nh6+ Kg7 32. Nxf7 Bxg5 33. Nxd8 Bxf4+
34. g3 Bd2 35. Re2 Bc3 36. Raa2 Rxd8 37. Rac2 d4 38. Rf2 Bc6 39. Rf6 Bd5 40.
Rcf2 Rd7 41. Bc2 d3 42. Bxd3 Bxe5 43. Rf8 Bxb3 44. Bb5 Rc7 45. Ra8 Rc3 46. Re2
Bxg3+ 47. Kg2 Bd5+ 0-1

[Event "III Calvia International Open"]
[Site "Calvia"]
[Date "2006.10.23"]
[Round "4.37"]
[White "Tscharotschkin, Michael"]
[Black "Munar Rossello, Pedro"]
[Result "1-0"]
[WhiteElo "2215"]
[BlackElo "2084"]
[PlyCount "79"]
[EventDate "2006.10.20"]

1. e4 c5 2. c3 d5 3. exd5 Qxd5 4. d4 Nc6 5. Nf3 e5 6. dxe5 Qxd1+ 7. Kxd1 Bg4 8.
Bf4 Nge7 9. Nbd2 Ng6 10. Bg3 Ngxe5 11. Be2 Bd6 12. Re1 Bxf3 13. Nxf3 O-O-O 14.
Kc2 Nxf3 15. Bxf3 Bxg3 16. hxg3 Rhe8 17. Bxc6 bxc6 18. Rad1 Rxd1 19. Rxe8+ Kd7
20. Rf8 Rg1 21. Rxf7+ Ke6 22. Rxg7 Rxg2 23. Kb3 Rxf2 24. Rxh7 c4+ 25. Ka3 a5
26. Rh4 Kd5 27. Rh5+ Kd6 28. Rxa5 c5 29. Ra6+ Kd5 30. b3 Rf3 31. Rg6 Re3 32.
Kb2 Rf3 33. Rg5+ Kd6 34. bxc4 Kc6 35. Rg6+ Kb7 36. g4 Rg3 37. g5 Rf3 38. Rf6
Rg3 39. g6 Kc7 40. Kc2 1-0

[Event "III Calvia International Open"]
[Site "Calvia"]
[Date "2006.10.23"]
[Round "4.38"]
[White "Uribe Arteaga, Daniel"]
[Black "Fernandez Lozano, Francesc"]
[Result "1-0"]
[WhiteElo "2202"]
[BlackElo "2074"]
[PlyCount "101"]
[EventDate "2006.10.20"]

1. d4 g6 2. c4 Bg7 3. Nf3 d6 4. g3 f5 5. Bg2 Nf6 6. O-O O-O 7. Nc3 Nc6 8. d5
Ne5 9. Nxe5 dxe5 10. e4 e6 11. dxe6 Bxe6 12. exf5 Bxc4 13. Qxd8 Raxd8 14. Re1
c6 15. Rxe5 Nd5 16. Bxd5+ Bxd5 17. Re7 Bf3 18. Be3 Rxf5 19. Rxb7 a6 20. Re1 c5
21. Rc7 Bd4 22. h3 Re5 23. Kf1 Bxc3 24. bxc3 Red5 25. Bxc5 Rd1 26. Rce7 R8d2
27. Re8+ Kg7 28. Bd4+ Kf7 29. R8e7+ Kg8 30. a3 Rxe1+ 31. Rxe1 Rc2 32. Kg1 h5
33. Kh2 Be2 34. Kg2 Kf7 35. Rb1 g5 36. Rb7+ Ke6 37. g4 hxg4 38. hxg4 Ra2 39.
Rb6+ Kd5 40. Rg6 Rxa3 41. Rxg5+ Ke4 42. Re5+ Kd3 43. Re3+ Kd2 44. g5 Bh5 45.
Re6 Ra5 46. f4 Rf5 47. Kg3 a5 48. g6 a4 49. g7 Bf7 50. Ra6 Bb3 51. Rxa4 1-0

[Event "III Calvia International Open"]
[Site "Calvia"]
[Date "2006.10.23"]
[Round "4.39"]
[White "Janse, Paul"]
[Black "Ruprich, Udo"]
[Result "1-0"]
[WhiteElo "2189"]
[BlackElo "2035"]
[PlyCount "57"]
[EventDate "2006.10.20"]

1. e4 c6 2. d4 d5 3. f3 h6 4. Nc3 e6 5. Be3 Nd7 6. Qd2 b5 7. Bd3 Bb4 8. Nge2
Ne7 9. O-O Bb7 10. Ng3 Qb6 11. Qf2 h5 12. exd5 exd5 13. Rfe1 O-O-O 14. Bf4 h4
15. Nf5 Nxf5 16. Bxf5 g6 17. Bxd7+ Rxd7 18. a3 Be7 19. Qe3 c5 20. Qe5 Rdd8 21.
Qxe7 cxd4 22. Nd1 d3+ 23. Nf2 d2 24. Bxd2 h3 25. Qxf7 hxg2 26. Qe6+ Qxe6 27.
Rxe6 Rhf8 28. Kxg2 d4 29. Ne4 1-0

[Event "III Calvia International Open"]
[Site "Calvia"]
[Date "2006.10.23"]
[Round "4.40"]
[White "Cerdo Fernandez, Miguel"]
[Black "Hoenick, Andreas"]
[Result "0-1"]
[WhiteElo "2018"]
[BlackElo "2177"]
[PlyCount "60"]
[EventDate "2006.10.20"]

1. e4 e6 2. d4 d5 3. Nc3 Bb4 4. e5 Ne7 5. Bd2 c5 6. Nb5 Bxd2+ 7. Qxd2 O-O 8. f4
Nbc6 9. Nf3 a6 10. Nc3 Nxd4 11. Nxd4 cxd4 12. Ne2 f6 13. Nxd4 fxe5 14. fxe5 Qc7
15. O-O-O Bd7 16. Bd3 Nc6 17. Nxc6 bxc6 18. Rde1 Rf7 19. h4 c5 20. c3 Raf8 21.
Rhf1 Bb5 22. Rxf7 Rxf7 23. Bc2 Qe7 24. g3 Qf8 25. Bd3 Rf2 26. Re2 Rf1+ 27. Kc2
c4 28. Bxh7+ Kxh7 29. g4 Qf4 30. Rg2 Qe4+ 0-1

[Event "III Calvia International Open"]
[Site "Calvia"]
[Date "2006.10.24"]
[Round "5.1"]
[White "Bruzon, Lazaro"]
[Black "Strikovic, Aleksa"]
[Result "1/2-1/2"]
[WhiteElo "2648"]
[BlackElo "2535"]
[PlyCount "38"]
[EventDate "2006.10.20"]

1. e4 d6 2. d4 Nf6 3. Bd3 e5 4. d5 g6 5. c4 Bg7 6. Ne2 O-O 7. Nbc3 c6 8. O-O
cxd5 9. cxd5 a6 10. f3 Nbd7 11. Be3 Ne8 12. a4 Nc5 13. Bc4 a5 14. Rb1 Nc7 15.
g4 N7a6 16. Ng3 Bf6 17. Qd2 Bh4 18. Kh1 f6 19. b3 Bg5 1/2-1/2

[Event "III Calvia International Open"]
[Site "Calvia"]
[Date "2006.10.24"]
[Round "5.2"]
[White "Cramling, Pia"]
[Black "Spraggett, Kevin"]
[Result "1/2-1/2"]
[WhiteElo "2528"]
[BlackElo "2610"]
[PlyCount "28"]
[EventDate "2006.10.20"]

1. d4 f5 2. g3 Nf6 3. Bg2 e6 4. c4 Be7 5. Nf3 O-O 6. O-O d5 7. b3 c6 8. Ba3 Bd7
9. Qc1 Be8 10. Bxe7 Qxe7 11. Qa3 Qxa3 12. Nxa3 Bh5 13. Rfe1 Nbd7 14. Rac1 Kf7
1/2-1/2